02265 2200709 4500001002100000005001500021035002000036008004100056020001800097041000800115082001100123084001700134100001800151245003400169260003600203300003000239504001000269520024400279650001700523990002400540990002400564990002400588990002400612990002400636990002500660990002500685990002400710990002400734990002400758990002400782990002400806990002400830990002400854990002400878990002400902990002400926990002500950990002400975990002400999990002401023990002401047990002401071990002501095990002401120990002401144990002401168990002401192990002401216990002501240990002401265990002401289990002401313990002401337990002401361990002501385990002401410990002401434990002401458990002401482990002401506990002501530INLIS00000000000570420221107124559 a0010-0520005704221107 | | ind  a9789790072688 aind a346.07 a346.07 FAR h0 aFarida Hasyim1 aHukum Dagang /cFarida Hasyim aJakarta :bSinar Grafika,c2009 aix,278p.;23 cm. ;c23 cm. ap.277 aBuku ini membahas mengenai pengertian perdagangan dan hukum dagang, bentuk dan perantara dalam perdagangan, perusahaan dan pengusaha, bentuk-bentuk perusahaan, kepailitan, HAKI, merger, konsolidasi dan akuisisi, serta surat-surat berharga. 4aHukum dagang a18499/MKRI-P/X-2010 a18500/MKRI-P/X-2010 a13789/MKRI-P/X-2010 a18502/MKRI-P/X-2010 a18501/MKRI-P/X-2010 a13788/MKRI-P/XI-2009 a13788/MKRI-P/XI-2009 a18499/MKRI-P/X-2010 a18500/MKRI-P/X-2010 a13789/MKRI-P/X-2010 a18502/MKRI-P/X-2010 a18501/MKRI-P/X-2010 a13789/MKRI-P/X-2010 a18499/MKRI-P/X-2010 a18500/MKRI-P/X-2010 a18502/MKRI-P/X-2010 a18501/MKRI-P/X-2010 a13788/MKRI-P/XI-2009 a18501/MKRI-P/X-2010 a18499/MKRI-P/X-2010 a18500/MKRI-P/X-2010 a13789/MKRI-P/X-2010 a18502/MKRI-P/X-2010 a13788/MKRI-P/XI-2009 a18502/MKRI-P/X-2010 a18499/MKRI-P/X-2010 a18500/MKRI-P/X-2010 a13789/MKRI-P/X-2010 a18501/MKRI-P/X-2010 a13788/MKRI-P/XI-2009 a18500/MKRI-P/X-2010 a18499/MKRI-P/X-2010 a13789/MKRI-P/X-2010 a18502/MKRI-P/X-2010 a18501/MKRI-P/X-2010 a13788/MKRI-P/XI-2009 a18499/MKRI-P/X-2010 a18500/MKRI-P/X-2010 a13789/MKRI-P/X-2010 a18502/MKRI-P/X-2010 a18501/MKRI-P/X-2010 a13788/MKRI-P/XI-2009